[Event "ROM-ch U14 Girls"]
[Site "Calimanesti"]
[Date "2018.03.29"]
[Round "3"]
[White "Pitigoi, Sabina Andreea"]
[Black "Muntianu, Alexandra Teodora"]
[Result "1/2-1/2"]
[WhiteElo "1341"]
[BlackElo "1576"]
[PlyCount "132"]
[EventDate "2018.03.27"]
[EventType "swiss"]
[EventRounds "9"]
[EventCountry "ROU"]
[SourceTitle "EXT 2019"]
[Source "ChessBase"]
[SourceDate "2018.10.10"]
[SourceVersion "1"]
[SourceVersionDate "2018.10.10"]
[SourceQuality "1"]

1. d4 g6 2. Nf3 Nf6 3. g3 Bg7 4. c4 d6 5. h3 0-0 6. Bg2 Nc6 7. Nc3 Na5 8. b3 Rb8 9. d5 c5 10. 0-0 Nxd5 11. Nxd5 Bxa1 12. Bg5 Bf6 13. Nxf6+ exf6 14. Bf4 Qd7 15. Qxd6 g5 16. Qxb8 Nc6 17. Qd6 gxf4 18. Qxf4 Qf5 19. Qxf5 Bxf5 20. Nh4 Bd7 21. Rd1 Bc8 22. Bxc6 bxc6 23. Kg2 Be6 24. Rd6 Rc8 25. e4 Kf8 26. f4 Ke7 27. Rd2 Rb8 28. Nf3 a5 29. e5 a4 30. exf6+ Kxf6 31. Rd3 axb3 32. axb3 Bf5 33. Rd6+ Ke7 34. Rxc6 Rxb3 35. Ng5 f6 36. Rxc5 Bg6 37. f5 Bxf5 38. Rxf5 fxg5 39. Rxg5 Rc3 40. Rg7+ Kf6 41. Rxh7 Rxc4 42. h4 Kf5 43. Rf7+ Kg4 44. Rg7+ Kh5 45. Kf3 Rc3+ 46. Kf4 Rc4+ 47. Kf5 Rc5+ 48. Ke6 Ra5 49. Re7 Kg4 50. Rg7+ Kh5 51. Kf6 Ra6+ 52. Kf7 Ra7+ 53. Kg8 Ra8+ 54. Kh7 Ra5 55. Kg8 Ra8+ 56. Kf7 Ra7+ 57. Kf6 Ra6+ 58. Kf5 Ra5+ 59. Kf4 Ra4+ 60. Kf3 Ra2 61. Re7 Ra5 62. Re1 Rb5 63. g4+ Kg6 64. h5+ Kg5 65. Rg1 Rb4 66. Ke3 Ra4 1/2-1/2

[Event "ROM-ch U14 Girls"]
[Site "Baile Felix"]
[Date "2017.02.09"]
[Round "9"]
[White "Radulescu, Monica Georgiana"]
[Black "Muntianu, Alexandra Teodora"]
[Result "0-1"]
[WhiteElo "1222"]
[BlackElo "1509"]
[PlyCount "70"]
[EventDate "2017.02.02"]
[EventType "swiss"]
[EventRounds "9"]
[EventCountry "ROU"]
[SourceTitle "CBM 176 Extra"]
[Source "ChessBase"]
[SourceDate "2017.03.02"]
[SourceVersion "1"]
[SourceVersionDate "2017.03.02"]
[SourceQuality "1"]

1. e4 c5 2. Nf3 e6 3. d3 Nc6 4. Nc3 g6 5. Bd2 a6 6. a4 Bg7 7. Be3 Nd4 8. Bxd4 cxd4 9. Ne2 Qb6 10. b3 Ne7 11. Ng3 d6 12. Be2 Bd7 13. 0-0 a5 14. Qd2 Nc6 15. Rac1 Nb4 16. Rfe1 0-0 17. Qg5 Qd8 18. Qxd8 Rfxd8 19. Bd1 e5 20. h3 Rac8 21. Nh2 Nxd3 22. cxd3 Rxc1 23. Nf3 Rdc8 24. Be2 Rxe1+ 25. Nxe1 Be6 26. Nf3 Bxb3 27. Nd2 Bxa4 28. Nc4 Rc5 29. Kh2 Bf8 30. Nd2 b5 31. Nb1 b4 32. Nd2 Bc2 33. Nc4 a4 34. Nf1 a3 35. Nfd2 a2 0-1

[Event "ROM-ch U14 Girls"]
[Site "Baile Felix"]
[Date "2017.02.07"]
[Round "7"]
[White "Muntianu, Alexandra Teodora"]
[Black "Anghel, Maria"]
[Result "0-1"]
[WhiteElo "1509"]
[BlackElo "1653"]
[PlyCount "74"]
[EventDate "2017.02.02"]
[EventType "swiss"]
[EventRounds "9"]
[EventCountry "ROU"]
[SourceTitle "CBM 176 Extra"]
[Source "ChessBase"]
[SourceDate "2017.03.02"]
[SourceVersion "1"]
[SourceVersionDate "2017.03.02"]
[SourceQuality "1"]

1. d4 d5 2. c4 e6 3. Nf3 c5 4. cxd5 exd5 5. g3 Nc6 6. Bg2 Nf6 7. 0-0 h6 8. Nc3 Be7 9. dxc5 Bxc5 10. a3 0-0 11. b4 Be7 12. Bb2 Be6 13. Na4 b6 14. Rc1 Rc8 15. Ne5 Nxe5 16. Bxe5 Qd7 17. Nb2 Rxc1 18. Qxc1 Rc8 19. Qd2 Qc6 20. Rd1 Qc2 21. f3 a5 22. Nd3 Qb3 23. bxa5 Rc2 24. Qe1 bxa5 25. Bxf6 Bxf6 26. Rc1 Bf5 27. Rxc2 Qxc2 28. Nf4 Bc3 29. Qf1 d4 30. Nd5 Be6 31. Ne7+ Kh8 32. Nc6 Bc4 33. Ne5 Bxe2 34. Qf2 d3 35. Nc4 d2 36. Nxd2 Qxd2 37. f4 Bd4 0-1

[Event "ROM-ch U14 Girls"]
[Site "Baile Felix"]
[Date "2017.02.04"]
[Round "3"]
[White "Maniul, Francesca Medeea"]
[Black "Muntianu, Alexandra Teodora"]
[Result "1/2-1/2"]
[WhiteElo "1362"]
[BlackElo "1509"]
[PlyCount "97"]
[EventDate "2017.02.02"]
[EventType "swiss"]
[EventRounds "9"]
[EventCountry "ROU"]
[SourceTitle "CBM 176 Extra"]
[Source "ChessBase"]
[SourceDate "2017.03.02"]
[SourceVersion "1"]
[SourceVersionDate "2017.03.02"]
[SourceQuality "1"]

1. d4 Nf6 2. c4 g6 3. Nc3 Bg7 4. e4 d6 5. f3 0-0 6. Bg5 c6 7. Qd2 a6 8. a4 Nbd7 9. Nh3 a5 10. Nf2 Nb6 11. Be2 Qc7 12. Bh6 e5 13. Bxg7 Kxg7 14. d5 cxd5 15. Nxd5 Nfxd5 16. cxd5 Bd7 17. Rc1 Qb8 18. b3 Rc8 19. 0-0 Qa7 20. Kh1 Rxc1 21. Qxc1 Rc8 22. Qe3 Rc7 23. f4 Nc8 24. Qxa7 Nxa7 25. fxe5 dxe5 26. Nd3 f6 27. Kg1 Nc8 28. Nf2 Nd6 29. Rb1 Kf7 30. Bd3 f5 31. Kf1 f4 32. g3 g5 33. gxf4 gxf4 34. Ke2 Kf6 35. Kd2 Rc8 36. Rg1 Nf7 37. h4 Nh6 38. Be2 Rg8 39. Rxg8 Nxg8 40. Ng4+ Bxg4 41. Bxg4 Ke7 42. Kd3 Nf6 43. Bf3 Kd6 44. Kc4 b6 45. Kb5 Nd7 46. Bg2 h6 47. Bh1 Kc7 48. Bg2 Kd6 49. Bh1 1/2-1/2

[Event "ROM-ch U12 Girls"]
[Site "Calimanesti"]
[Date "2015.04.04"]
[Round "7"]
[White "Pomirleanu, Daniela Elena"]
[Black "Muntianu, Alexandra Teodora"]
[Result "1/2-1/2"]
[WhiteElo "1409"]
[BlackElo "1409"]
[PlyCount "74"]
[EventDate "2015.03.30"]
[EventType "swiss"]
[EventRounds "9"]
[EventCountry "ROU"]
[SourceTitle "CBM 165 Extra"]
[Source "ChessBase"]
[SourceDate "2015.04.21"]
[SourceVersion "1"]
[SourceVersionDate "2015.04.21"]
[SourceQuality "1"]

1. e4 c5 2. Nf3 e6 3. d4 cxd4 4. Nxd4 a6 5. Bd3 Qc7 6. c4 Nf6 7. Nc3 Be7 8. Bd2 0-0 9. Qe2 d6 10. 0-0 Nbd7 11. Kh1 Ne5 12. f4 Nxd3 13. Qxd3 b6 14. Rae1 Nd7 15. b3 Bb7 16. Qg3 Kh8 17. Nf3 Nc5 18. e5 Rad8 19. Be3 dxe5 20. Nxe5 Nd7 21. Bd4 Nf6 22. Rd1 Nh5 23. Qf2 Rd6 24. Qe2 Nf6 25. Ng4 Nxg4 26. Qxg4 f6 27. Qe2 Rfd8 28. Be3 Rxd1 29. Rxd1 Rxd1+ 30. Qxd1 Qc6 31. Qe2 g6 32. Qf2 b5 33. c5 Kg7 34. b4 Bd8 35. a3 Be7 36. Qd2 Kf7 37. Kg1 Kg7 1/2-1/2

[Event "ROM-ch U12 Girls"]
[Site "Calimanesti"]
[Date "2015.04.02"]
[Round "5"]
[White "Apostu, Milena Maria"]
[Black "Muntianu, Alexandra Teodora"]
[Result "0-1"]
[WhiteElo "1422"]
[BlackElo "1409"]
[PlyCount "118"]
[EventDate "2015.03.30"]
[EventType "swiss"]
[EventRounds "9"]
[EventCountry "ROU"]
[SourceTitle "CBM 165 Extra"]
[Source "ChessBase"]
[SourceDate "2015.04.21"]
[SourceVersion "1"]
[SourceVersionDate "2015.04.21"]
[SourceQuality "1"]

1. e4 c5 2. Nf3 e6 3. d4 cxd4 4. Nxd4 a6 5. Bd3 Qc7 6. 0-0 Nf6 7. c4 Be7 8. Nc3 0-0 9. Bd2 d6 10. Kh1 b6 11. f4 Bb7 12. Qe2 Nbd7 13. Rae1 Nc5 14. Bc2 Rac8 15. e5 dxe5 16. fxe5 Ne8 17. Qh5 g6 18. Qh6 Ng7 19. Nf3 f6 20. exf6 Bxf6 21. Bg5 Bxf3 22. Rxf3 Bxg5 23. Qxg5 Rxf3 24. gxf3 Rf8 25. Kg2 Qc6 26. Rf1 Nf5 27. Ne2 Nd7 28. b3 Qc5 29. Kh1 Ne3 30. Qxc5 Nxc5 31. Rc1 Nxc2 32. Rxc2 Rxf3 33. Kg2 Rf7 34. Nd4 e5 35. Nf3 e4 36. Ne5 Re7 37. Ng4 Nd3 38. Re2 Nf4+ 39. Kf2 Nxe2 40. Kxe2 Kg7 41. Ke3 Kf7 42. Nf2 Kf6 43. Nd1 Kf5 44. Nc3 Rd7 45. Nd5 Rxd5 46. cxd5 Ke5 47. d6 Kxd6 48. Kxe4 Kc5 49. a3 b5 50. Kd3 a5 51. Kc3 b4+ 52. axb4+ axb4+ 53. Kd3 g5 54. Ke3 h5 55. Ke4 g4 56. Ke3 h4 57. Kf4 Kd4 58. Kxg4 Kc3 59. Kxh4 Kxb3 0-1

[Event "ROM-ch U12 Girls"]
[Site "Calimanesti"]
[Date "2015.03.30"]
[Round "1"]
[White "Bratulescu, Daria Ana Maria"]
[Black "Muntianu, Alexandra Teodora"]
[Result "0-1"]
[WhiteElo "1031"]
[BlackElo "1409"]
[PlyCount "84"]
[EventDate "2015.03.30"]
[EventType "swiss"]
[EventRounds "9"]
[EventCountry "ROU"]
[SourceTitle "CBM 165 Extra"]
[Source "ChessBase"]
[SourceDate "2015.04.21"]
[SourceVersion "1"]
[SourceVersionDate "2015.04.21"]
[SourceQuality "1"]

1. e4 c5 2. Nf3 e6 3. Nc3 a6 4. d3 Nc6 5. Be3 d6 6. d4 cxd4 7. Bxd4 Nxd4 8. Qxd4 Nf6 9. e5 dxe5 10. Qxd8+ Kxd8 11. Nxe5 Ke8 12. 0-0-0 Bc5 13. f4 Be3+ 14. Kb1 Bxf4 15. Nd3 Bc7 16. Re1 Ke7 17. Be2 Rd8 18. Rhf1 Bxh2 19. Nb4 Bg3 20. Rd1 Rxd1+ 21. Rxd1 Be5 22. Rd3 a5 23. Na4 axb4 24. Nb6 Rb8 25. Nxc8+ Rxc8 26. Rb3 Nd5 27. Bd3 Rd8 28. Bxh7 g6 29. a3 bxa3 30. bxa3 Nc3+ 31. Kc1 Rh8 32. Bxg6 fxg6 33. Rxb7+ Kf6 34. a4 Rh1+ 35. Kd2 Nxa4 36. c4 Bc3+ 37. Kd3 Nc5+ 38. Kxc3 Nxb7 39. Kd4 Na5 40. c5 Nb3+ 41. Kc4 Nxc5 42. Kxc5 e5 0-1

[Event "ROM-ch U10 Girls"]
[Site "Calimanesti"]
[Date "2014.04.06"]
[Round "1"]
[White "Ionita, Carmen Nicola"]
[Black "Muntianu, Alexandra Teodora"]
[Result "0-1"]
[WhiteElo "1049"]
[BlackElo "1367"]
[PlyCount "64"]
[EventDate "2014.04.06"]
[EventType "swiss"]
[EventRounds "9"]
[EventCountry "ROU"]
[SourceTitle "CBM 160 Extra"]
[Source "ChessBase"]
[SourceDate "2014.07.01"]
[SourceVersion "1"]
[SourceVersionDate "2014.07.01"]
[SourceQuality "1"]

1. e4 c5 2. b4 cxb4 3. a3 e6 4. d4 d5 5. e5 f6 6. Nf3 Nc6 7. axb4 Bxb4+ 8. c3 Ba5 9. Nbd2 Bxc3 10. Ra4 Ba5 11. Bb5 Bb6 12. 0-0 Bd7 13. Ba3 Na5 14. Bxd7+ Qxd7 15. Bb4 Nc6 16. Ba3 Bc7 17. Re1 b5 18. Ra6 Nb8 19. Qb1 Nxa6 20. Nb3 b4 21. Nc5 Nxc5 22. Qxb4 Ne7 23. Qxc5 f5 24. Rc1 Bb6 25. Qb4 h6 26. Nd2 Kf7 27. Qc3 Rhc8 28. Qh3 Rxc1+ 29. Bxc1 Rc8 30. Nb3 Qc7 31. Qe3 Qc3 32. Qf3 Qxc1+ 0-1

[Event "ROM-ch U10 Girls"]
[Site "Calimanesti"]
[Date "2013.04.06"]
[Round "7"]
[White "Muntianu, Alexandra Teodora"]
[Black "Sarbu, Adela"]
[Result "1-0"]
[WhiteElo "1179"]
[BlackElo "1307"]
[PlyCount "143"]
[EventDate "2013.04.02"]
[EventType "swiss"]
[EventRounds "9"]
[EventCountry "ROU"]
[SourceTitle "CBM 153 Extra"]
[Source "ChessBase"]
[SourceDate "2013.04.22"]
[SourceVersion "1"]
[SourceVersionDate "2013.04.22"]
[SourceQuality "1"]

1. d4 f5 2. g4 e6 3. Nc3 h6 4. gxf5 exf5 5. Qd3 d6 6. Bd2 Nf6 7. 0-0-0 Nc6 8. Bg2 Bd7 9. a3 a6 10. f3 Qe7 11. e4 fxe4 12. fxe4 0-0-0 13. Nge2 Ng4 14. Qg3 g5 15. Nd5 Qe8 16. h3 Nge5 17. dxe5 Nxe5 18. Nf6 Qe6 19. Nxd7 Rxd7 20. Kb1 Bg7 21. Nd4 Qc4 22. Qc3 Qxc3 23. Bxc3 Nc4 24. Rd3 Bxd4 25. Rxd4 Ne5 26. Rd5 c6 27. Bxe5 dxe5 28. Rxd7 Kxd7 29. Rd1+ Ke6 30. b4 Rf8 31. Rf1 Rg8 32. Bf3 Rh8 33. Bg4+ Ke7 34. Rf5 Kd6 35. Bh5 Rh7 36. Rf7 Rxf7 37. Bxf7 Ke7 38. Bh5 Kf6 39. Kc1 Ke7 40. Kd2 Kd6 41. Kd3 c5 42. Kc4 cxb4 43. Kxb4 b6 44. c4 Ke6 45. Be8 Ke7 46. c5 a5+ 47. Kb5 bxc5 48. Kxc5 Kd8 49. Bh5 Ke7 50. Kb5 Kd7 51. Kxa5 Kc8 52. Kb6 Kb8 53. a4 Kc8 54. a5 Kb8 55. Kc5 Ka7 56. Kd5 Ka6 57. Kxe5 Kxa5 58. Kd6 Kb6 59. e5 Kb7 60. Kd7 Kb8 61. e6 Kb7 62. e7 Kb6 63. e8Q Kc5 64. Qg6 Kd4 65. Qf5 Ke3 66. Qg4 Kd2 67. Qe2+ Kc1 68. Kc6 Kb1 69. Kb5 Kc1 70. Kc4 Kb1 71. Kb3 Ka1 72. Qb2# 1-0

[Event "ROM-ch U10 Girls"]
[Site "Calimanesti"]
[Date "2013.04.04"]
[Round "4"]
[White "Muntianu, Alexandra Teodora"]
[Black "Patru, Alexandra Ioana"]
[Result "1/2-1/2"]
[WhiteElo "1179"]
[BlackElo "1209"]
[PlyCount "88"]
[EventDate "2013.04.02"]
[EventType "swiss"]
[EventRounds "9"]
[EventCountry "ROU"]
[SourceTitle "CBM 153 Extra"]
[Source "ChessBase"]
[SourceDate "2013.04.22"]
[SourceVersion "1"]
[SourceVersionDate "2013.04.22"]
[SourceQuality "1"]

1. d4 d5 2. c4 e6 3. Nc3 Nf6 4. Bg5 Nc6 5. cxd5 exd5 6. e3 Be6 7. Nf3 h6 8. Bh4 Be7 9. Bd3 Nb4 10. Be2 0-0 11. Ne5 Bf5 12. 0-0 Ne4 13. Bxe7 Qxe7 14. a3 Nxc3 15. bxc3 Nc2 16. Ra2 Nxa3 17. Qb3 Nc4 18. Nxc4 dxc4 19. Bxc4 Be6 20. d5 Bc8 21. Rd1 Qg5 22. g3 Bh3 23. Bf1 Bxf1 24. Kxf1 b6 25. e4 Rfe8 26. Re2 Qg4 27. Qc4 Qf3 28. Kg1 Re7 29. Qd3 Qxd3 30. Rxd3 a5 31. c4 a4 32. Ra3 Re5 33. f3 f5 34. Rea2 fxe4 35. fxe4 Rxe4 36. Rxa4 Rxa4 37. Rxa4 Kh7 38. Rb4 b5 39. Rxb5 Rxc4 40. Kg2 h5 41. Kh3 g5 42. Ra5 Kg6 43. Kg2 g4 44. Ra6+ Kg5 1/2-1/2